000 00439nam a2200181Ia 4500
001 10178
005 20260306161812.0
008 260306t2016||||xx |||||||||||||| ||spa||
041 _aESP
082 _a907.2
_bA42
100 _aAlía Miranda, Francisco
_eAUT
245 0 _aMétodos de investigación histórica
260 _c2016
300 _a267 páginas :
_c23 cm.
650 _aGEN
654 _aCHU
942 _cLIB
_dJUS
_fJUS
_2ddc
_n
999 _c10178
_d10178